| 000 | 00483nam a2200181 i 4500 | ||
|---|---|---|---|
| 001 | bg | ||
| 100 | 1 | _aSACQUEPEY, D. | |
| 245 | 0 |
_aPrecis de constrution mecanique. _nT. 3, _pCalculs, technologie et normalisation / _cD. Sacquepey , D. Spenle. |
|
| 250 | _aEdit.4. | ||
| 260 |
_aParis, _c1992. |
||
| 650 | 9 |
_aMaszyny _xbudowa i konstrukcje |
|
| 700 | 1 | _aSPENLE, D. | |
| 040 | _cBPK | ||
| 041 | _apol | ||
| 080 | _a621 | ||
| 942 | _cKS | ||
| 008 | s pl f |000 0 pol | ||
| 999 |
_c29863 _d29863 |
||
| 856 |
_uhttp://koha.tu.koszalin.pl/cgi-bin/koha/opac-detail.pl?biblionumber=29863 _yKatalog online BPK |
||